Vista normal Vista MARC

Entrada Topical Term

Número de registros utilizados en: 4

001 - CONTROL NUMBER

  • control field: 35

003 - CONTROL NUMBER IDENTIFIER

  • control field: AR-EsCIE

005 - DATE AND TIME OF LATEST TRANSACTION

  • control field: 20240904094503.0

008 - FIXED-LENGTH DATA ELEMENTS

  • fixed length control field: 240904|| aca||babn | a|a d

040 ## - CATALOGING SOURCE

  • Original cataloging agency: AR-EsCIE

150 ## - HEADING--TOPICAL TERM

  • Topical term or geographic name entry element: NOTHOFAGUS OBLIQUA (ROBLE PELLIN)

670 ## - SOURCE DATA FOUND

  • Source citation: Nativas en plantación. Raulí y roble pellín. Folleto de divulgación nº 37. CIEFAP. 2024 ISSN: 15142272.